Los acuerdos previos de valoración en el impuesto sobre la renta de las personas físicas (Registro nro. 159142)
[ vista simple ]
| 000 -LEADER | |
|---|---|
| fixed length control field | 01221ny a22002773n 4500 |
| 008 - FIXED-LENGTH DATA ELEMENTS--GENERAL INFORMATION | |
| fixed length control field | 021127s2007 sp 001 0 spa c |
| 020 ## - INTERNATIONAL STANDARD BOOK NUMBER | |
| International Standard Book Number | 9788484940340 |
| 035 ## - | |
| -- | 1665 |
| 040 ## - CATALOGING SOURCE | |
| Original cataloging agency | SpMaUCDE |
| Modifying agency | vLex |
| 080 ## - | |
| -- | 336.226.1(460) |
| 090 ## - | |
| -- | 620 |
| -- | 620 |
| 100 1# - MAIN ENTRY--PERSONAL NAME | |
| Personal name | Vicente Arche Coloma, Paula |
| 245 14 - TITLE STATEMENT | |
| Title | Los acuerdos previos de valoración en el impuesto sobre la renta de las personas físicas |
| Medium | [Recurso electrónico] |
| Statement of responsibility, etc | Paula Vicente-Arche Coloma |
| 256 ## - | |
| -- | Servicio en línea |
| 260 ## - PUBLICATION, DISTRIBUTION, ETC. (IMPRINT) | |
| Place of publication, distribution, etc | Madrid : |
| Name of publisher, distributor, etc | EDERSA, |
| Date of publication, distribution, etc | 2007 |
| 300 ## - PHYSICAL DESCRIPTION | |
| Extent | p. ; |
| Dimensions | cm |
| 506 1# - RESTRICTIONS ON ACCESS NOTE | |
| Terms governing access | Contenido solo disponible en los productos indicados |
| Authorized users | vLex Global |
| -- | vLex Global (Academic Edition, excluding Law Schools) |
| -- | vLex Global (U.S. Academic Edition, Law Schools) |
| -- | vLex Global (U.S. Academic Edition, excluding Law Schools) |
| -- | vLex Global (Academic Edition, Law Schools) |
| 650 07 - SUBJECT ADDED ENTRY--TOPICAL TERM | |
| Topical term or geographic name as entry element | Tributario |
| Source of heading or term | Tesauro vLex |
| 650 07 - SUBJECT ADDED ENTRY--TOPICAL TERM | |
| Topical term or geographic name as entry element | Impuesto sobre la renta de las personas |
| Source of heading or term | Tesauro vLex |
| 650 07 - SUBJECT ADDED ENTRY--TOPICAL TERM | |
| Topical term or geographic name as entry element | Derecho tributario |
| Source of heading or term | Tesauro vLex |
| 650 07 - SUBJECT ADDED ENTRY--TOPICAL TERM | |
| Topical term or geographic name as entry element | Impuesto sobre las rentas de capital |
| Source of heading or term | Tesauro vLex |
| 740 0# - | |
| -- | vLex Libros (Servicios en línea) |
| 856 40 - LOCALIZACIÓN Y ACCESO ELECTRÓNICO | |
| Identificador Uniforme del Recurso (URI/URL) | https://app.vlex.com/#/sources/1665 |
| 942 ## - | |
| -- | RAA |
| 999 ## - | |
| -- | 159142 |
| -- | 159142 |
No hay ítems disponibles.